000 00513nam a2200193 a 4500
005 20240203063620.0
008 010517s1990 es r 000 0 spa d
020 _a8437609674
035 _aUPN01000106350
049 _aCG
050 4 _aHQ1214
_bF4.5
245 0 0 _aFeminismo y teoría del discurso /
_ced. Giulia Colaizzi.
260 _aMadrid :
_bCátedra,
_c1990.
300 _a167 p.
440 0 _aTeorema.
_pSerie mayor
650 4 _aFeminismo
_98967
700 1 _aColaizzi, Giulia,
_eed.
905 _aLibro
999 _c80263
_d80263